Sử dụng mô hình toán trong nghiên cứu hoạt động và vòng đời của ruồi lính đen (Hermetia illucens Linnaeus) cho tối ưu hóa xử lý rác thải hữu cơ : (Chuyên ngành khoa học môi trường)
Nội dung nghiên cứu đặc tính sinh học và các yếu tố ảnh hưởng đến vai trò của ruồi lính đen cho việc phân huỷ rác thải nông thôn, xây dựng mô hình toán dự đoán tốc độ sinh trưởng của ruồi trong việc phân huỷ rác thải nông thôn....
Tallennettuna:
| Päätekijä: | |
|---|---|
| Aineistotyyppi: | Kirja |
| Kieli: | Undetermined |
| Julkaistu: |
Cần Thơ
Trường Đại học Cần Thơ
2007
|
| Aiheet: | |
| Tagit: |
Lisää tagi
Ei tageja, Lisää ensimmäinen tagi!
|
| Thư viện lưu trữ: | Trung tâm Học liệu Trường Đại học Cần Thơ |
|---|
| LEADER | 01337nam a2200217Ia 4500 | ||
|---|---|---|---|
| 001 | CTU_135885 | ||
| 008 | 210402s9999 xx 000 0 und d | ||
| 082 | |a 595.772 | ||
| 082 | |b H401 | ||
| 088 | |a 60440301 | ||
| 100 | |a Võ, Thị Lệ Hòa | ||
| 245 | 0 | |a Sử dụng mô hình toán trong nghiên cứu hoạt động và vòng đời của ruồi lính đen (Hermetia illucens Linnaeus) cho tối ưu hóa xử lý rác thải hữu cơ : | |
| 245 | 0 | |b (Chuyên ngành khoa học môi trường) | |
| 245 | 0 | |c Võ Thị Lệ Hòa ; Ngô Ngọc Hưng, Nguyễn Văn Huỳnh giáo viên hướng dẫn | |
| 260 | |a Cần Thơ | ||
| 260 | |b Trường Đại học Cần Thơ | ||
| 260 | |c 2007 | ||
| 520 | |a Nội dung nghiên cứu đặc tính sinh học và các yếu tố ảnh hưởng đến vai trò của ruồi lính đen cho việc phân huỷ rác thải nông thôn, xây dựng mô hình toán dự đoán tốc độ sinh trưởng của ruồi trong việc phân huỷ rác thải nông thôn. | ||
| 650 | |a Hermatia illucens Linnaeus,Environmental protection,Ruổi lính đen,Bảo vệ môi trường | ||
| 904 | |i Tuyến | ||
| 980 | |a Trung tâm Học liệu Trường Đại học Cần Thơ | ||